Restructuring the Soviet economic bureaucracy (Record no. 390398)

MARC details
000 -LEADER
fixed length control field 00566nam a2200193Ia 4500
008 - FIXED-LENGTH DATA ELEMENTS--GENERAL INFORMATION
fixed length control field 191130s2006##################000#0#eng##
020 ## - INTERNATIONAL STANDARD BOOK NUMBER
ISBN 9780521032681
082 ## - DEWEY DECIMAL CLASSIFICATION NUMBER
Classification number 338.947009 GRE
100 ## - MAIN ENTRY--AUTHOR NAME
Personal name Gregory, Paul R
245 ## - TITLE STATEMENT
Title Restructuring the Soviet economic bureaucracy
Statement of responsibility, etc Paul R. Gregory
260 ## - PUBLICATION, DISTRIBUTION, ETC. (IMPRINT)
Place of publication New York
Name of publisher [publisher not identified]
Year of publication 2006
300 ## - PHYSICAL DESCRIPTION
Number of Pages xii, 181p. : ill. ; 24cm
500 ## - GENERAL NOTE
General note Includes index
650 ## - SUBJECT ADDED ENTRY--TOPICAL TERM
Topical Term Economics policy
991 ## -
-- 228167

No items available.

Find us on the map